Ethical Hacking Guide To Corporate Security (Record no. 318589)

MARC details
000 -LEADER
fixed length control field 00400nam a2200157Ia 4500
008 - FIXED-LENGTH DATA ELEMENTS--GENERAL INFORMATION
fixed length control field 230718s9999 xx 000 0 und d
041 ## - LANGUAGE CODE
Language code of text/sound track or separate title eng
082 ## - DEWEY DECIMAL CLASSIFICATION NUMBER
Classification number 005.82
Item number FAD
100 ## - MAIN ENTRY--PERSONAL NAME
Personal name Fadia A.
9 (RLIN) 111736
245 ## - TITLE STATEMENT
Title Ethical Hacking Guide To Corporate Security
260 ## - PUBLICATION, DISTRIBUTION, ETC. (IMPRINT)
Name of publisher, distributor, etc. Macmillan
300 ## - PHYSICAL DESCRIPTION
Extent 250
365 ## - TRADE PRICE
Currency code Rs.
Price amount 265.00
700 ## - ADDED ENTRY--PERSONAL NAME
Personal name Fadia A.
9 (RLIN) 111736
906 ## - LOCAL DATA ELEMENT F, LDF (RLIN)
d B:140219-Mar-2008
c IT
b 53
Holdings
Withdrawn status Lost status Damaged status Not for loan Home library Current library Date acquired Vendor Budget Code Cost, normal purchase price Bill number Total Checkouts Full call number Barcode Date last seen Discount Cost, replacement price Bill Date Koha item type Original Barcode
        Cummins College of Engineering for Women Pune Cummins College of Engineering for Women Pune 02/04/2008 Goels Computer Hut IT 212.00 1402   005.82 CCEP-BK-29796 18/07/2023 53 265.00 19/03/2008 Books 029796